000
002730000a22000970004500
100
1
_a
Malherbe, Abraham J.
245
1
0
_a
The cristianization of -topos- (Luke 12:13-43)
300
_a
Vol. 38, Num. 2 (Abril, 1996), Páginas 123-135
773
0
_t
Novum Testamentum
942
_c
ANA
999
_c
56909
_d
56909